A simple solution : teaching millions to treat diarrhoea at home /

Bibliografske podrobnosti
Glavni avtor: Chowdhury, A. M. Raza
Drugi avtorji: Cash, Richard A.
Format: Knjiga
Jezik:English
Izdano: Dhaka : The University Press Limited
Teme:
Classic Catalogue: View this record in Classic Catalogue
LEADER 06297nam a2200637 a 4500
001 5647
003 BD-DhAAL
005 20250422160249.0
008 090430s1996 bg a b 001 0 eng d
010 |a  96906446  
020 |a 9840513419 
020 |a 9789840513413 
040 |a DLC  |c DLC  |d DLC  |d BD-DhAAL 
082 0 0 |a 614.517095492  |2 21 
100 1 |a Chowdhury, A. M. Raza.  |9 36128 
245 1 2 |a A simple solution :  |b teaching millions to treat diarrhoea at home /  |c A. Mushtaque R. Chowdhury, Richard A. Cash. 
260 |a Dhaka :  |b The University Press Limited 
264 |a Dhaka, Bangladesh :  |b University Press,  |c 1996 [second impression 1998, fourth impression 2017]. 
300 |a xxiv, 149 pages :  |b illustrations ;  |c 22 cm. 
500 |a First published. 
504 |a Includes bibliographical references and index. 
526 |a BIED, GenEd 
541 1 |a Complimentary copy from BIED, Book Finder International, Complimentary copy from Dr. Ahmed Mushtaque Raza Chowdhury (Former Vice Chairperson of BRAC)  |e 5647, 35436, 39463, 42006, 44357, 44366 
650 0 |a Diarrhea  |x Treatment  |z Bangladesh.  |9 36129 
650 0 |a Diarrhea in children  |x Treatment  |z Bangladesh.  |9 36130 
650 0 |a Health education  |z Bangladesh.  |9 36131 
650 0 |a Social science.  |9 36132 
700 1 |a Cash, Richard A.  |9 36133 
852 4 |a Ayesha Abed Library  |c General Stacks 
942 |2 ddc  |c BK 
999 |c 291  |d 291 
952 |0 0  |1 0  |2 ddc  |4 0  |6 614_517095492000000_CHO_1996  |7 1  |9 268  |a BRACUL  |b BRACUL  |c BRS  |d 2009-04-30  |g 400.00  |l 0  |o 614.517095492 CHO  |p 3010005647  |r 2009-04-30  |t 1  |v 800.00  |w 2009-04-30  |y BK 
952 |0 0  |1 0  |2 ddc  |4 0  |6 614_517095492000000_CHO_1996  |7 1  |9 8612  |a BRACUL  |b BRACUL  |c BRS  |d 2010-03-16  |g 180.00  |l 0  |o 614.517095492 CHO  |p 3010005646  |r 2010-03-16  |t 2  |w 2010-03-16  |y BK 
952 |0 0  |1 0  |2 ddc  |4 0  |6 614_517095492000000_CHO_1996  |7 1  |9 10114  |a BRACUL  |b BRACUL  |c BRS  |d 2010-05-12  |g 180.00  |l 2  |o 614.517095492 CHO  |p 3010005643  |r 2019-11-21  |s 2019-11-20  |t 3  |w 2010-05-12  |y BK 
952 |0 0  |1 0  |2 ddc  |4 0  |6 614_517095492000000_CHO  |7 0  |9 10115  |a BRACUL  |b BRACUL  |c GEN  |d 2010-05-12  |g 225.00  |l 7  |m 53  |o 614.517095492 CHO  |p 3010013669  |r 2022-04-05  |s 2022-03-12  |t 4  |w 2010-05-12  |y BK 
952 |0 0  |1 0  |2 ddc  |4 0  |6 614_517095492000000_CHO  |7 1  |9 10356  |a BRACUL  |b BRACUL  |c BRS  |d 2010-05-19  |g 225.00  |l 1  |m 7  |o 614.517095492 CHO  |p 3010013735  |r 2017-12-12  |s 2017-10-26  |t 5  |w 2010-05-19  |y BK 
952 |0 0  |1 0  |2 ddc  |4 0  |6 614_517095492000000_CHO  |7 0  |9 18750  |a JPGSPH  |b JPGSPH  |c GEN  |d 2011-12-05  |l 0  |o 614.517095492 CHO  |p 3060023919  |r 2011-12-05  |t 6  |w 2011-12-05  |y BK 
952 |0 0  |1 0  |2 ddc  |4 0  |6 614_517095492000000_CHO  |7 0  |9 18751  |a JPGSPH  |b JPGSPH  |c GEN  |d 2011-12-05  |l 0  |o 614.517095492 CHO  |p 3060023920  |r 2011-12-05  |t 7  |w 2011-12-05  |y BK 
952 |0 0  |1 0  |2 ddc  |4 0  |6 614_517095492000000_CHO  |7 0  |9 18752  |a JPGSPH  |b JPGSPH  |c GEN  |d 2011-12-05  |l 0  |o 614.517095492 CHO  |p 3060023922  |r 2011-12-05  |t 8  |w 2011-12-05  |y BK 
952 |0 0  |1 0  |2 ddc  |4 0  |6 614_517095492000000_CHO  |7 0  |9 18764  |a JPGSPH  |b JPGSPH  |c GEN  |d 2011-12-05  |l 0  |o 614.517095492 CHO  |p 3060023923  |r 2011-12-05  |t 9  |w 2011-12-05  |y BK 
952 |0 0  |1 0  |2 ddc  |4 0  |6 614_517095492000000_CHO  |7 0  |9 18765  |a JPGSPH  |b JPGSPH  |c GEN  |d 2011-12-05  |l 0  |o 614.517095492 CHO  |p 3060023924  |r 2011-12-05  |t 10  |w 2011-12-05  |y BK 
952 |0 0  |1 0  |2 ddc  |4 0  |6 614_517095492000000_CHO  |7 0  |9 18766  |a JPGSPH  |b JPGSPH  |c GEN  |d 2011-12-05  |l 0  |o 614.517095492 CHO  |p 3060023925  |r 2011-12-05  |t 11  |w 2011-12-05  |y BK 
952 |0 0  |1 0  |2 ddc  |4 0  |6 614_517095492000000_CHO  |7 0  |9 18767  |a JPGSPH  |b JPGSPH  |c GEN  |d 2011-12-05  |l 0  |o 614.517095492 CHO  |p 3060023926  |r 2011-12-05  |t 12  |w 2011-12-05  |y BK 
952 |0 0  |1 0  |2 ddc  |4 0  |6 614_517095492000000_CHO  |7 0  |9 18768  |a JPGSPH  |b JPGSPH  |c GEN  |d 2011-12-05  |l 0  |o 614.517095492 CHO  |p 3060023921  |r 2011-12-05  |t 13  |w 2011-12-05  |y BK 
952 |0 0  |1 0  |2 ddc  |4 0  |6 614_517095492000000_CHO  |7 0  |9 21387  |a JPGSPH  |b JPGSPH  |c GEN  |d 2012-11-06  |g 260.00  |l 1  |o 614.517095492 CHO  |p 3060026211  |r 2012-11-12  |s 2012-11-12  |t 14  |w 2012-11-06  |y BK  |x Koha Inventory 2020 
952 |0 0  |1 0  |2 ddc  |4 0  |6 614_517095492000000_CHO  |7 0  |9 21388  |a JPGSPH  |b JPGSPH  |c GEN  |d 2012-11-06  |l 1  |o 614.517095492 CHO  |p 3060026212  |r 2012-11-12  |s 2012-11-12  |t 15  |w 2012-11-06  |y BK  |x Koha Inventory 2020 
952 |0 0  |1 0  |2 ddc  |4 0  |6 614_500000000000000_17_095492_CHO  |7 0  |9 43325  |a SCL  |b SCL  |c GEN  |d 2005-08-11  |g 225.00  |l 0  |o 614.517095492 CHO  |p 3020005626  |r 2014-07-21  |t 16  |w 2014-07-21  |y BK 
952 |0 0  |1 0  |2 ddc  |4 0  |6 614_500000000000000_17_095492_CHO  |7 0  |9 43334  |a SCL  |b SCL  |c GEN  |d 2005-08-11  |g 225.00  |l 0  |o 614.517095492 CHO  |p 3020005625  |r 2014-07-21  |t 17  |w 2014-07-21  |y BK 
952 |0 0  |1 0  |2 ddc  |4 0  |6 614_517095492000000_CHO  |7 0  |9 43335  |a SCL  |b SCL  |c GEN  |d 2000-10-01  |l 0  |o 614.517095492 CHO  |p 3020002836  |r 2014-07-21  |t 18  |w 2014-07-21  |y BK 
952 |0 0  |1 0  |2 ddc  |4 0  |6 614_517095492000000_CHO  |7 0  |9 43336  |a SCL  |b SCL  |c GEN  |d 2001-04-22  |l 1  |m 2  |o 614.517095492 CHO  |p 3020003136  |r 2019-06-17  |s 2019-05-30  |t 19  |w 2014-07-21  |y BK 
952 |0 0  |1 0  |2 ddc  |4 0  |6 614_500000000000000_17_095492_CHO  |7 0  |9 43353  |a SCL  |b SCL  |c GEN  |d 2005-08-11  |g 225.00  |l 0  |o 614.517095492 CHO  |p 3020005623  |r 2014-07-22  |t 20  |w 2014-07-22  |y BK 
952 |0 0  |1 0  |2 ddc  |4 0  |6 614_517095492000000_CHO  |7 0  |9 66841  |a BRACUL  |b BRACUL  |c GEN  |d 2019-10-20  |e Complimentary copy from BIED  |l 0  |o 614.517095492 CHO  |p 3010035436  |r 2019-10-20  |t 21  |w 2019-10-20  |y BK  |x Transferred from BIED to General Stacks 
952 |0 0  |1 0  |2 ddc  |4 0  |6 614_517095492000000_CHO  |7 0  |9 71513  |a SCL  |b SCL  |c GEN  |d 2022-08-03  |e Book Finder International  |g 241.33  |l 0  |o 614.517095492 CHO  |p 3020039463  |r 2022-08-03  |t 22  |v 0.00  |w 2022-08-03  |y BK 
952 |0 0  |1 0  |2 ddc  |4 0  |6 614_517095492000000_CHO  |7 0  |9 75727  |a BRACUL  |b BRACUL  |c GEN  |d 2024-07-03  |e Complimentary copy from Brac  |g 225.00  |l 0  |o 614.517095492 CHO  |p 3010042006  |r 2024-07-03  |t 23  |w 2024-07-03  |y BK  |x Complimentary copy from Brac 
952 |0 0  |1 0  |2 ddc  |4 0  |6 614_517095492000000_CHO  |7 1  |9 77618  |a BRACUL  |b BRACUL  |c AMRC  |d 2025-04-22  |e Complimentary copy from Dr. Ahmed Mushtaque Raza Chowdhury (Former Vice Chairperson of BRAC)  |g 300.00  |l 0  |o 614.517095492 CHO  |p 3010044357  |r 2025-04-22  |t 24  |w 2025-04-22  |y BK  |x Complimentary copy received from Dr. Ahmed Mushtaque Raza Chowdhury (Former Vice Chairperson of BRAC) on 17 April 2025. 
952 |0 0  |1 0  |2 ddc  |4 0  |6 614_517095492000000_CHO  |7 1  |9 77619  |a BRACUL  |b BRACUL  |c AMRC  |d 2025-04-22  |e Complimentary copy from Dr. Ahmed Mushtaque Raza Chowdhury (Former Vice Chairperson of BRAC)  |g 300.00  |l 0  |o 614.517095492 CHO  |p 3010044366  |r 2025-04-22  |t 25  |w 2025-04-22  |y BK  |x Complimentary copy received from Dr. Ahmed Mushtaque Raza Chowdhury (Former Vice Chairperson of BRAC) on 17 April 2025.